Southville International School and Colleges
Your cart is empty.
  • Cart
  • Lists
    Public lists Eva Luna New books Lux_list list_1
    Your lists Log in to create your own lists
  • Log in to your account
  • Your cookies
  • Search history
Southville International School and Colleges
  • Advanced search
  • Recent comments
  • Most popular
  • Libraries

Log in to your account

Log in with GOOGLE


If you do not have an external account, but do have a local account, you can still log in:

  1. Home
  2. MARC view: Jehovah's witness youths during the Nazi regime, 1933-1945 /
Normal view MARC view ISBD view

Jehovah's witness youths during the Nazi regime, 1933-1945 / (Record no. 98878)

[ view plain ]
MARC details
000 -LEADER
fixed length control field 00751nam a2200193 a 4500
003 - CONTROL NUMBER IDENTIFIER
control field 0
005 - DATE AND TIME OF LATEST TRANSACTION
control field 20250212151159.0
008 - FIXED-LENGTH DATA ELEMENTS--GENERAL INFORMATION
fixed length control field 130129s19uu xx 00 eng d
050 ## - LIBRARY OF CONGRESS CALL NUMBER
Classification number PHS BX 8526.5
Item number .G216 2012
100 ## - MAIN ENTRY--PERSONAL NAME
Personal name Garcia, Chiara Grace Lasam.
245 ## - TITLE STATEMENT
Title Jehovah's witness youths during the Nazi regime, 1933-1945 /
Statement of responsibility, etc Chiara Grace Lasam Garcia.
260 ## - PUBLICATION, DISTRIBUTION, ETC. (IMPRINT)
Place of publication, distribution, etc Las Piñas City, Philippines :
Name of publisher, distributor, etc Southville International School and Colleges,
Date of publication, distribution, etc 2012.
300 ## - PHYSICAL DESCRIPTION
Extent 84 pages :
Other physical details illustrations ;
Dimensions 28 cm.
504 ## - BIBLIOGRAPHY, ETC. NOTE
Bibliography, etc Includes bibliographical references.
650 ## - SUBJECT ADDED ENTRY--TOPICAL TERM
Topical term or geographic name as entry element Children
General subdivision Nazi persecution.
650 ## - SUBJECT ADDED ENTRY--TOPICAL TERM
Topical term or geographic name as entry element Holocaust survivors
General subdivision Narratives.
650 ## - SUBJECT ADDED ENTRY--TOPICAL TERM
Topical term or geographic name as entry element Jehovah’s Witnesses
General subdivision Persecution
Geographic subdivision Germany
Form subdivision History
Chronological subdivision 20th century.
942 ## - ADDED ENTRY ELEMENTS (KOHA)
Source of classification or shelving scheme Library of Congress Classification
Koha item type PASS
Holdings
Withdrawn status Lost status Source of classification or shelving scheme Damaged status Home library Current library Shelving location Date acquired Source of acquisition Total Checkouts Full call number Barcode Date last seen Price effective from Koha item type
    Library of Congress Classification   Luxembourg Library Luxembourg Library Portfolio Assessment of SISC Students Section 01/29/2013 Donation   PHS BX 8526.5 .G216 2012 P2979 04/08/2014 04/08/2014 PASS

Jehovah's witness youths during the Nazi regime, 1933-1945 /

APA

Garcia C. G. L., . (2012). Jehovah's witness youths during the Nazi regime, 1933-1945. Las Piñas City, Philippines: Southville International School and Colleges.

Chicago

Garcia Chiara Grace Lasam, . 2012. Jehovah's witness youths during the Nazi regime, 1933-1945. Las Piñas City, Philippines: Southville International School and Colleges.

Harvard

Garcia C. G. L., . (2012). Jehovah's witness youths during the Nazi regime, 1933-1945. Las Piñas City, Philippines: Southville International School and Colleges.

MLA

Garcia Chiara Grace Lasam, . Jehovah's witness youths during the Nazi regime, 1933-1945. Las Piñas City, Philippines: Southville International School and Colleges. 2012.

  • Print
  • Cite
  • Add to your cart (remove)
  • Save record
    BIBTEX Dublin Core MARCXML MARC (non-Unicode/MARC-8) MARC (Unicode/UTF-8) MARC (Unicode/UTF-8, Standard) MODS (XML) RIS
  • More searches
    Search for this title in:
    Other Libraries (WorldCat) Other Databases (Google Scholar) Online Stores (Bookfinder.com) Open Library (openlibrary.org)

Exporting to Dublin Core...

SOUTHVILLE LIBRARY

Southville International School and Colleges Library

1281 Tropical Ave. Cor. Luxembourg St., BF Homes International, Las Pinas City

Tel. No. 8256374 / 252358 Loc. 117/146

Powered by Koha